| 000 | 01023mam a2200277 a 4500 | ||
|---|---|---|---|
| 020 | _a1853392510 (pbk.) | ||
| 020 | _a1853392642 | ||
| 082 |
_a306.08 _bWAR _cN-02 , P-53 |
||
| 245 | 0 | 4 |
_aThe cultural dimension of development : _bindigenous knowledge systems / _cedited by D. Michael Warren, L. Jan Slikkerveer, David Brokensha ; technical editor, Wim H.J.C. Dechering. |
| 260 |
_aLondon : _bIntermediate Technology Publications, _c1995. |
||
| 300 |
_axviii, 582 p. : _bill. ; _c24 cm. |
||
| 526 |
_a0 _b0 _c0 _d306_080000000000000_WAR |
||
| 650 | 0 |
_aApplied anthropology. _932778 |
|
| 650 | 0 |
_aCulture conflict. _936403 |
|
| 650 | 0 |
_aEthnobotany. _936404 |
|
| 650 | 0 |
_aFolk classification. _936405 |
|
| 650 | 0 |
_aForest ecology. _936406 |
|
| 650 | 0 | _aHuman ecology. | |
| 650 | 0 |
_aIndigenous peoples. _97838 |
|
| 650 | 0 |
_aNUST _96342 |
|
| 700 | 1 |
_aBrokensha, David. _936407 |
|
| 700 | 1 |
_aDechering, Wim H. J. C. _936408 |
|
| 700 | 1 |
_aSlikkerveer, L. J. _936409 |
|
| 700 | 1 |
_aWarren, Dennis M. _936410 |
|
| 942 |
_2ddc _cBK |
||
| 999 |
_c541478 _d541478 |
||